Развитие машиностроения в Зауралье

Λεπτομέρειες βιβλιογραφικής εγγραφής
Κύριος συγγραφέας: Бубнов В. А. Валерий Андрианович
Περίληψη:Посвящается 100-летию машиностроения Курганской области
Γλώσσα:Ρωσικά
Έκδοση: Курган, Зауралье, 2000
Θέματα:
Μορφή: Βιβλίο
KOHA link:https://koha.lib.tpu.ru/cgi-bin/koha/opac-detail.pl?biblionumber=335912

MARC

LEADER 00000nam0a2200000 4500
001 335912
005 20231102004812.0
010 |a 587247184X 
035 |a (RuTPU)RU\TPU\book\362324 
090 |a 335912 
100 |a 20171005d2000 km y0rusy50 ca 
101 0 |a rus 
102 |a RU 
105 |a a z 011zd 
200 1 |a Развитие машиностроения в Зауралье  |f В. А. Бубнов 
210 |a Курган  |c Зауралье  |d 2000 
215 |a 480 с.  |c ил. 
300 |a Посвящается 100-летию машиностроения Курганской области  
316 |5 63413507: 17-547  |a С автографом автора. На фронтисписе дарственная надпись: "Научной библиотеке Томского политехнического университета. В этом издании есть материал о жизни и деятельности С. А. Балакшина. С наилучшими пожеланиями от автора (В. А. Бубнов) 20.05.2017 г." 
320 |a Библиогр.: с. 478 
600 1 |a Балакшин  |b Б. С.  |c специалист в области машиностроения, доктор технических наук, профессор  |c выпускник Томского технологического института 1924 г.  |f 1900-1974  |g Борис Сергеевич  |y Томск  |2 stltpush  |3 (RuTPU)RU\TPU\pers\43470  |9 21668 
600 1 |a Балакшин  |b С. А.  |c специалист по гидроэнергетике Сибири и турбиностроению  |c преподаватель Томского технологического института (1921-1931)  |f 1877-1933  |g Сергей Александрович  |y Томск  |2 stltpush  |3 (RuTPU)RU\TPU\pers\23365  |9 10142 
606 1 |a Машиностроение  |2 stltpush  |3 (RuTPU)RU\TPU\subj\71949  |9 85607 
610 1 |a история развития 
610 1 |a Зауралье 
610 1 |a турбиностроение 
610 1 |a дорожные машины 
610 1 |a трубопроводная аппаратура 
610 1 |a химическое машиностроение 
610 1 |a тепловозы 
610 1 |a ремонт 
610 1 |a противопожарное оборудование 
610 1 |a мостовые конструкции 
610 1 |a производство 
610 1 |a заводы 
610 1 |a Коллекция ТПУ 
610 1 |a дарственные надписи 
610 1 |a дары автора 
610 1 |a дары библиотеке 
675 |a 621.002  |v 4 
700 1 |a Бубнов  |b В. А.  |g Валерий Андрианович 
801 1 |a RU  |b 63413507  |c 20171005 
801 2 |a RU  |b 63413507  |c 20210125  |g RCR 
942 |c BK